NBA Teams by Picture Hints* - Statistics

General Stats
  • This quiz has been taken 229 times
  • The average score is 12 of 14
Answer Stats
Picture Answer % Correct
Milwaukee Bucks
97%
Houston Rockets
94%
Miami Heat
94%
Charlotte Hornets
93%
Brooklyn Nets
92%
Minnesota Timberwolves
91%
Oklahoma City Thunder
91%
Atlanta Hawks
90%
Denver Nuggets
90%
New Orleans Pelicans
90%
Phoenix Suns
90%
Memphis Grizzlies
85%
Chicago Bulls
76%
Philadelphia 76ers
29%
No matching quizzes found
Score Distribution
Percent of People with Each Score
Percentile by Number Answered
Your Score History
You have not taken this quiz